Where the Wild Things Are Quiz Stats

 Plays Quiz Updated Jan 15, 2014

Also try: Green Eggs and Ham
Challenge
Share
Tweet
Score 0/139 Timer 10:00
0 Plays Today
% Correct
the
94.2%
a
93%
wild
90.2%
thing
83.6%
are
81.2%
where
79.7%
an
77.1%
things
75.2%
be
72.4%
and
67.4%
to
64.1%
we
63%
in
61.8%
you
59.7%
he
57.2%
of
55.1%
go
53.2%
for
53%
Max
51.7%
it
48.9%
no
47.6%
was
47.5%
his
47.2%
so
47%
up
43.9%
they
43.2%
bed
42.8%
night
42.5%
all
42.2%
their
42.1%
mother
41.7%
with
41%
boat
39.7%
him
38.6%
king
38.3%
supper
37.7%
when
36.9%
day
35.9%
one
35.4%
eat
35.2%
out
35.1%
rumpus
34.8%
that
34.1%
were
33.7%
teeth
33.6%
room
33.2%
love
32.3%
% Correct
said
31.6%
without
31.4%
let
31.3%
sailed
30.4%
over
30.3%
them
29.5%
forest
29%
terrible
28.7%
but
28.2%
then
28.1%
still
26.6%
hot
26.3%
from
26.2%
by
26%
eyes
25.9%
start
25.7%
gnashed
25.6%
into
25.4%
don't
25.2%
sent
24.5%
ocean
24.3%
roared
23.9%
made
21.9%
claws
21.3%
I'll
21.1%
year
21.1%
wolf
20.9%
we'll
20%
suit
19.3%
around
18.6%
good
18.4%
another
18%
very
17.5%
through
17.3%
off
17.2%
away
16.7%
grew
16.6%
roars
16.6%
kind
16.3%
came
16.2%
now
16%
back
15.9%
weeks
15.8%
world
15.8%
mischief
15.5%
please
15.5%
wore
15.1%
% Correct
until
15.1%
place
14.8%
rolled
14.8%
across
14.4%
called
14.4%
once
13.9%
yellow
13.8%
stop
13.2%
best
12.9%
became
12.6%
Max's
12.1%
showed
12.1%
loved
12%
walls
12%
most
11.9%
vines
11.9%
wanted
11.8%
hung
11.7%
cried
11.6%
waiting
11.5%
far
11.4%
being
11%
lonely
10.3%
trick
10.3%
oh
10.2%
staring
10%
anything
10%
tamed
9.6%
magic
9.5%
almost
9.5%
someone
9.3%
private
9.2%
ceiling
9.1%
eating
9.1%
own
8.8%
blinking
8.8%
gave
8.1%
found
7.7%
tumbled
6.8%
smelled
6.6%
good-bye
6.3%
till
6.3%
frightened
6.3%
waved
5.1%
stepped
4.1%

You're not logged in!

Compare scores with friends on all Sporcle quizzes.
OR
Log In

You Might Also Like...

Show Comments

Extras

Top Quizzes Today


Score Distribution

Your Account Isn't Verified!

In order to create a playlist on Sporcle, you need to verify the email address you used during registration. Go to your Sporcle Settings to finish the process.

Report this User

Report this user for behavior that violates our Community Guidelines.

Details: